Movies Quiz

Random Movies or Clickable Quiz

First, Last, Long or Great Movies Quiz Stats

 Plays Quiz Updated Mar 31, 2018

Score 0/40 Timer 08:00
0 Plays Today
Question Answer Wrong Answers
The _____ Gatsby (2013)
Leonardo DiCaprio, Carey Mulligan
Great
94.3%
First
0.2%
Last
0.3%
Long
0.1%
Oz the _____ and Powerful (2013)
James Franco, Michelle Williams
Great
93.6%
First
0.5%
Last
0.4%
Long
0.2%
_____ Balls of Fire! (1989)
Dennis Quaid, Winona Ryder
Great
93.4%
First
0.5%
Last
0.5%
Long
0.5%
The _____ Escape (1963)
Steve McQueen, James Garner
Great
93.3%
First
0.3%
Last
0.7%
Long
0.5%
Daddy _____ Legs (1955)
Fred Astaire, Leslie Caron
Long
93.3%
First
0.5%
Last
0.6%
Great
0.6%
A _____ Way Down (2014)
Pierce Brosnan, Toni Collette
Long
93.2%
First
0.3%
Last
0.5%
Great
0.7%
Love at _____ Bite (1979)
George Hamilton, Susan Saint James
First
93.2%
Last
1.2%
Long
0.3%
Great
0.2%
X-Men: _____ Class (2011)
Michael Fassbender, Jennifer Lawrence
First
92.5%
Last
1.7%
Long
0.1%
Great
0.4%
At _____ Sight (1999)
Val Kilmer, Mira Sorvino
First
92.3%
Last
1.7%
Long
0.6%
Great
0.2%
X-Men: The _____ Stand (2006)
Patrick Stewart, Hugh Jackman
Last
92%
First
1.5%
Long
0.7%
Great
0.5%
The _____ of the Mohicans (1992)
Daniel Day-Lewis, Madeleine Stowe
Last
91.9%
First
1.7%
Long
0.5%
Great
0.5%
50 _____ Dates (2004)
Adam Sandler, Drew Barrymore
First
91.8%
Last
1%
Long
0.8%
Great
1.1%
The _____ Samurai (2003)
Tom Cruise, Ken Watanabe
Last
90.8%
First
1.6%
Long
0.2%
Great
2.1%
_____ Blood (1982)
Sylvester Stallone, Richard Crenna
First
90.7%
Last
2.5%
Long
0.4%
Great
1%
_____ Born (2007)
Elisabeth Shue, Steven Mackintosh
First
90.7%
Last
3.2%
Long
0.5%
Great
0.3%
A Very _____ Engagement (2004)
Audrey Tautou, Gaspard Ulliel
Long
89.6%
First
1.5%
Last
1.1%
Great
2.4%
Indiana Jones and the _____ Crusade (1989)
Harrison Ford, Sean Connery
Last
89.6%
First
1.6%
Long
0.5%
Great
3.1%
The _____ Wall (2016)
Matt Damon, Tian Jing
Great
89.2%
First
0.4%
Last
0.6%
Long
4.5%
The _____ Mouse Detective (1986)
(animated) Vincent Price, Barrie Ingham
Great
89.1%
First
3.4%
Last
2%
Long
0.2%
Star Trek: _____ Contact (1996)
Patrick Stewart, Jonathan Frakes
First
88.3%
Last
5.8%
Long
0.3%
Great
0.3%
The _____, Hot Summer (1958)
Paul Newman, Joanne Woodward
Long
87.2%
First
1.5%
Last
3.3%
Great
2.8%
The _____ Wives Club (1996)
Goldie Hawn, Bette Midler
First
86.5%
Last
2.6%
Long
0.6%
Great
5%
_____ Vegas (2013)
Robert De Niro, Michael Douglas
Last
86.4%
First
1.8%
Long
1.6%
Great
4.9%
The Loneliness of the _____ Distance Runner (1962)
Michael Redgrave, Tom Courtenay
Long
85.9%
First
1.8%
Last
3.2%
Great
3.5%
Mandela: _____Walk to Freedom (2013)
Idris Elba, Naomie Harris
Long
85.5%
First
2.2%
Last
4.4%
Great
2.7%
The _____ Muppet Caper (1981)
Charles Grodin, Diana Rigg
Great
83.7%
First
4.2%
Last
5.6%
Long
1.1%
_____ Day's Journey Into Night (1962)
Katharine Hepburn, Ralph Richardson
Long
82.7%
First
5.2%
Last
5%
Great
1.7%
The _____ Santini (1979)
Robert Duvall, Blythe Danner
Great
81.7%
First
3.7%
Last
7.7%
Long
1.4%
_____ Men in the Moon (1964)
Edward Judd, Martha Hyer
First
81.2%
Last
9%
Long
0.3%
Great
4.2%
The _____ Airbender (2010)
Noah Ringer, Nicola Peltz
Last
81.2%
First
5.6%
Long
1.1%
Great
6.8%
The _____ Boy Scout (1991)
Bruce Willis, Damon Wayans
Last
80.1%
First
10.4%
Long
0.3%
Great
3.8%
The _____ Temptation of Christ (1988)
Willem Dafoe, Harvey Keitel
Last
80.1%
First
5.8%
Long
1.2%
Great
7.5%
The _____ White Hope (1970)
James Earl Jones, Jane Alexander
Great
79.1%
First
2%
Last
11.2%
Long
2.2%
The _____ Dictator (1940)
Charles Chaplin, Paulette Goddard
Great
74.8%
First
2.7%
Last
17%
Long
0.2%
The _____ Kiss Goodnight (1996)
Geena Davis, Samuel L. Jackson
Long
71.8%
First
3.7%
Last
18.8%
Great
0.4%
The _____ Waltz (1978)
Robbie Robertson, Levon Helm
Last
71.1%
First
6.6%
Long
8.9%
Great
8%
The _____ Detail (1973)
Jack Nicholson, Randy Quaid
Last
68.3%
First
9.8%
Long
3.9%
Great
12.5%
The _____ Goodbye (1973)
Elliott Gould, Nina van Pallandt
Long
64.6%
First
1.3%
Last
27.8%
Great
1%
_____ Knight (1995)
Sean Connery, Richard Gere
First
58.6%
Last
26.5%
Long
3.2%
Great
6.5%
The _____ Riders (1980)
David Carradine, Stacy Keach
Long
46.1%
First
8.1%
Last
28.1%
Great
12.2%

You're not logged in!

Compare scores with friends on all Sporcle quizzes.
OR
Log In

You Might Also Like...

Show Comments

Extras

Top Quizzes Today


Score Distribution

Your Account Isn't Verified!

In order to create a playlist on Sporcle, you need to verify the email address you used during registration. Go to your Sporcle Settings to finish the process.

Report this User

Report this user for behavior that violates our Community Guidelines.

Details: